| 000 | 00817nab a2200241 u 4500 | ||
|---|---|---|---|
| 001 | 08971 | ||
| 003 | HDC | ||
| 007 | cr bn ---aaaaa | ||
| 008 | 210131c9999 my dr|nes 0 a may d | ||
| 040 | _aHDC | ||
| 100 |
_aZaain Zin _eauthor _99386 |
||
| 245 | 0 |
_a22 Produk Malaysia Miliki GI / oleh _cZaain Zin |
|
| 260 |
_a[no place] : _b[publisher not identified], _c[no year] |
||
| 336 |
_atext _2rdacontent |
||
| 337 |
_acomputer _2rdamedia |
||
| 338 |
_aonline resource _2rdacarrier |
||
| 650 |
_ageographical indications (GI) _99387 |
||
| 650 |
_aintellectual property _99388 |
||
| 856 | _zRequest full-text at [email protected] | ||
| 942 | _2lcc | ||
| 942 | _cNEWS | ||
| 942 | _kNWSC 002424 | ||
| 999 |
_c6294 _d6294 |
||